000 00241nam a2200109Ia 4500
008 220204s9999 xx 000 0 und d
082 _a82-3
_bCAR
100 _aNick
245 0 _aIce bomb zero
260 _aLondon
_bTandem
_c1979
942 _cBK
999 _c31073
_d31073